[Event "POL-chT U20 2nd League"]
[Site "Sypniewo"]
[Date "2020.??.??"]
[Round "4.56"]
[White "Labedz, Dawid"]
[Black "Mikolajski, Marcin"]
[Result "1-0"]
[WhiteElo "1532"]
[BlackElo "1120"]
[PlyCount "87"]
[EventDate "2020.10.23"]
[EventType "team-swiss"]
[EventRounds "9"]
[EventCountry "POL"]
[SourceTitle "CBM 199 Extra"]
[Source "ChessBase"]
[SourceDate "2021.01.31"]
[SourceVersion "1"]
[SourceVersionDate "2021.01.31"]
[SourceQuality "1"]

1. e4 d5 2. exd5 Nf6 3. d4 Nxd5 4. c4 Nb6 5. Nf3 Bg4 6. c5 Nd5 7. Bc4 c6 8. 0-0 Bxf3 9. Qxf3 g6 10. Nc3 e6 11. Ne4 Nd7 12. Re1 h6 13. Bf4 Nxf4 14. Qxf4 g5 15. Qg4 Nf6 16. Nxf6+ Qxf6 17. Bxe6 Be7 18. Bd7+ Kf8 19. Re5 Rd8 20. Bf5 h5 21. Qe4 Kg7 22. Rxe7 Rxd4 23. Qe5 Rhd8 24. Bc2 Rd2 25. Bb3 Qxe5 26. Rxe5 Kf6 27. Re3 g4 28. h3 Rxb2 29. hxg4 hxg4 30. Re4 Kg5 31. g3 Rbd2 32. Rae1 f5 33. Re7 a5 34. Rxb7 a4 35. Bxa4 Rxa2 36. Bxc6 Ra6 37. Be8 f4 38. gxf4+ Kxf4 39. Rf7+ Kg5 40. Re5+ Kh6 41. c6 Rxe8 42. Rxe8 Rxc6 43. Rfe7 Rc1+ 44. Kg2 1-0